MCTS self-paced (Record no. 4226)

MARC details
000 -LEADER
fixed length control field 01608cam a22003617a 4500
001 - CONTROL NUMBER
control field 15048721
003 - CONTROL NUMBER IDENTIFIER
control field mut
005 - DATE AND TIME OF LATEST TRANSACTION
control field 20240606080931.0
008 - FIXED-LENGTH DATA ELEMENTS--GENERAL INFORMATION
fixed length control field 071018s2007 waua 001 0 eng d
010 ## - LIBRARY OF CONGRESS CONTROL NUMBER
LC control number 2007904678
020 ## - INTERNATIONAL STANDARD BOOK NUMBER
International Standard Book Number 9780735623415
020 ## - INTERNATIONAL STANDARD BOOK NUMBER
International Standard Book Number 0735623414
035 ## - SYSTEM CONTROL NUMBER
System control number (OCoLC)ocn154698640
040 ## - CATALOGING SOURCE
Original cataloging agency BTCTA
Transcribing agency BTCTA
Modifying agency BAKER
-- ZQP
-- DLC
042 ## - AUTHENTICATION CODE
Authentication code lccopycat
050 00 - LIBRARY OF CONGRESS CALL NUMBER
Classification number QA76.3
Item number .M334863 2008
082 04 - DEWEY DECIMAL CLASSIFICATION NUMBER
Classification number 005.7585
Edition information 22
245 00 - TITLE STATEMENT
Title MCTS self-paced
Remainder of title training kit (exam 70-445) :Microsoft SQL server 2005 business intelligence -- implementation and maintenance /
246 30 - VARYING FORM OF TITLE
Title proper/short title Microsoft SQL server 2005 business intelligence--implementation and maintenance
260 ## - PUBLICATION, DISTRIBUTION, ETC.
Place of publication, distribution, etc. Redmond, Wash. :
Name of publisher, distributor, etc. Microsoft Press,
Date of publication, distribution, etc. c2008.
300 ## - PHYSICAL DESCRIPTION
Extent xxvi, 568 p. :
Other physical details ill. ;
Dimensions 23 cm. +
Accompanying material 1 CD-ROM (4 3/4 in.)
500 ## - GENERAL NOTE
General note Includes index.
538 ## - SYSTEM DETAILS NOTE
System details note System requirements for accompanying computer disc: IBM PC; Microsoft Windows.
630 00 - SUBJECT ADDED ENTRY--UNIFORM TITLE
Uniform title SQL server.
650 #0 - SUBJECT ADDED ENTRY--TOPICAL TERM
Topical term or geographic name entry element Microsoft software
General subdivision Examinations
Form subdivision Study guides.
650 #0 - SUBJECT ADDED ENTRY--TOPICAL TERM
Topical term or geographic name entry element Telecommunications engineers
General subdivision Certification.
700 1# - ADDED ENTRY--PERSONAL NAME
Personal name Veerman, Erik,
Dates associated with a name 1973-
856 42 - ELECTRONIC LOCATION AND ACCESS
Materials specified Contributor biographical information
Uniform Resource Identifier <a href="http://www.loc.gov/catdir/enhancements/fy1004/2007904678-b.html">http://www.loc.gov/catdir/enhancements/fy1004/2007904678-b.html</a>
856 42 - ELECTRONIC LOCATION AND ACCESS
Materials specified Publisher description
Uniform Resource Identifier <a href="http://www.loc.gov/catdir/enhancements/fy1004/2007904678-d.html">http://www.loc.gov/catdir/enhancements/fy1004/2007904678-d.html</a>
906 ## - LOCAL DATA ELEMENT F, LDF (RLIN)
a 7
b cbc
c copycat
d 2
e ncip
f 20
g y-gencatlg
942 ## - ADDED ENTRY ELEMENTS (KOHA)
Source of classification or shelving scheme Library of Congress Classification
Koha item type Books
Holdings
Withdrawn status Lost status Source of classification or shelving scheme Damaged status Not for loan Home library Current library Date acquired Total checkouts Full call number Barcode Date last seen Price effective from Koha item type
    Library of Congress Classification     Murang'a University of Technology Library Murang'a University of Technology Library 17/01/2017   QA76.3 .M334863 2008 004453 30/08/2024 17/01/2017 Books